000 01084nas a2200325 4500
001 BR9214249
003 BR-BrBNA
005 20231205093605.0
007 ta
008 230509b bl.|||p| |||| 00| 00por d
040 _aBR-BrBNA
_bpor
_cBiblioteca Nacional de Agricultura
041 _a(Pt)
072 _aP35
100 1 _aMorelli, J.L.
100 1 _aDalben, A.E.
100 1 _aAlmeida, J.O.C.
100 1 _aDematte, J.L.I.
245 1 _aCalcario e gesso na produtividade da cana-de-acucar e nas caracteristicas quimicas de um latossolo de textura media alico
246 1 _aLime and phosphogypsum effects on the productivity of sugarcane and on the chemical properties of a medium texture latosol
650 _aCana de Acucar
650 _aCalagem
650 _aGesso
650 _aCalcario
650 _aCorretivo
650 _aLatossolo
650 _aSao Paulo
773 0 _tRevista Brasileira de Ciencia do Solo (Brazil)
_xISSN 0100-0683
_g(May-Aug 1992), v. 16(2) p. 187-194
_wBR9214249
909 _a202311
_bLúcia
_c55
_dLúcia Elande
942 _2AGRIS
_n0
_cANA
999 _c139336
_d139336